000 00629cab a2200241 4500
001 ABS60385
008 090401t1999 xxu||||| |||| 00| 0 eng d
035 _a(Sirsi) u92434
041 _aeng
100 _aOliver, A.
245 _aFacing down the underground resistance
260 _c1999
350 _a0
490 _aNew Civil Engineer
_v25 March 1999, 10-14(4)
650 _aLONDON UNDERGROUND
650 _aPUBLIC PRIVATE PARTNERSHIPS
650 _aTRANSPORT INVESTMENT
650 _aTRANSPORT POLICY
650 _aTUBE NETWORK
690 _aTRANSPORT AND COMMUNICATIONS
942 _n0
948 _c30/03/1999
999 _c58596
_d58596